000
00277nam a2200109Ia 4500
008
190802s9999 xx 000 0 und d
100
_a
Muhammad Qutb
245
0
_a
Islam: The Misunderstood Religion
260
_a
New Delhi
_b
Idarai Dimayat Ishaat
300
_a
199:p
942
_c
BK
999
_c
2555
_d
2555